000 00544nam a2200181 4500
001 136975
003 ES-MaACL
005 20240424130047.0
007 t|
008 070214s1959 ag r ||||1| spa d
100 1 _aSaint-Laurent, Cécil.
_970631
245 1 0 _aLucrecia Borgia /
_cCecil Saint-Laurent ; traducción de Angel Cuesta.
260 _aBuenos Aires :
_bPlaza & Janés,
_c1959.
300 _a456 p. ;
_c21 cm.
700 0 _aCuesta, Ángel,
_d1930-2020
_942033
852 _aES-MaACL
_jC-22582
_bR.51596
999 _c136975
_d136975